Statistics for Southernmost Major Cities in the U.S.

Click here to take the quiz!

General Stats

  • This quiz has been taken 20,790 times
  • The average score is 14 of 20

Answer Stats

Latitude Population City % Correct
25.79°6.19 milMiami
98%
29.96°1.27 milNew Orleans
88%
29.76°7.00 milHouston
86%
33.76°5.95 milAtlanta
83%
30.25°2.17 milAustin
81%
32.78°7.54 milDallas
81%
28.42°2.57 milOrlando
79%
29.42°2.52 milSan Antonio
76%
32.72°3.34 milSan Diego
74%
34.05°13.3 milLos Angeles
73%
33.45°4.86 milPhoenix
70%
30.34°1.53 milJacksonville
70%
21.30°0.98 milHonolulu
67%
33.65°1.15 milBirmingham
59%
35.48°1.40 milOklahoma City
58%
32.22°1.04 milTucson
53%
27.95°3.14 milTampa
52%
35.11°1.35 milMemphis
51%
33.95°4.62 milRiverside
41%
35.22°2.57 milCharlotte
29%

Score Distribution

Percentile by Number Answered

Percent of People with Each Score

Your Score History

You have not taken this quiz